Insider trading, costly monitoring, and managerial incentives
Salvato in:
| Autore principale: | |
|---|---|
| Altri autori: | |
| Natura: | Libro |
| Lingua: | inglese |
| Pubblicazione: |
Atlanta
Federal Reserve Bank of Atlanta
1997
|
| Serie: | Working paper
97-2 |
| Soggetti: | |
| Tags: |
Nessun Tag, puoi essere il primo ad aggiungerne!!
|
MARC
| LEADER | 00000nam a2200000 4500 | ||
|---|---|---|---|
| 001 | c100021 | ||
| 005 | 20221124073522.7 | ||
| 041 | 0 | |a eng | |
| 044 | |a US | ||
| 245 | 1 | 0 | |a Insider trading, costly monitoring, and managerial incentives |c Jie Hu, Thomas H. Noe |
| 264 | 1 | |a Atlanta |b Federal Reserve Bank of Atlanta |c 1997 | |
| 300 | |a 22 s. | ||
| 490 | 1 | |a Working paper |v 97-2 | |
| 830 | 0 | |a Working paper |v 97-2 | |
| 610 | 2 | 0 | |a banky |
| 610 | 2 | 0 | |a mena |
| 610 | 2 | 0 | |a obchody bankové |
| 610 | 2 | 0 | |a akcie |
| 610 | 2 | 0 | |a kontrola banková |
| 610 | 2 | 0 | |a trh finančný |
| 610 | 2 | 0 | |a stimulovanie |
| 610 | 2 | 0 | |a zamestnanci |
| 610 | 2 | 0 | |a obchodovanie dôverné |
| 100 | 1 | |a Hu, Jie | |
| 700 | 1 | |a Noe, Thomas H. | |